National Security Advisors of the United States - Statistics

General Stats
  • This quiz has been taken 45 times
  • The average score is 7 of 29
Answer Stats
Picture Hint Answer % Correct
(January 22, 2001–January 25, 2005) Condoleezza Rice
89%
(April 9, 2018–September 10, 2019) John R. Bolton
89%
(July 1, 2013–January 20, 2017) Susan Rice
89%
(January 20, 1969–November 3, 1975) Henry Kissinger
86%
(November 23, 1987–January 20, 1989) Colin L. Powell
79%
(January 20, 2025–May 01, 2025 ) Michael Waltz
75%
(January 20, 2021–January 20, 2025) Jake Sullivan
54%
(January 20, 2017–February 13, 2017) Michael Flynn
32%
(February 20, 2017–April 9, 2018) H.R. McMaster
21%
(September 18, 2019–January 20, 2021) Robert O'Brien
18%
(December 2, 1986–November 23, 1987) Frank C. Carlucci
14%
(January 20, 1977–January 21, 1981) Zbigniew Brzezinski
14%
(October 8, 2010–July 1, 2013) Thomas E. Donilon
11%
(January 20, 1989–January 20, 1993) Brent Scowcroft
7%
(November 3, 1975–January 20, 1977) Brent Scowcroft
7%
(December 4, 1985–November 25, 1986) John M. Poindexter
7%
(January 26, 2005–January 20, 2009) Stephen Hadley
7%
(June 24, 1958–January 13, 1961) Gordon Gray
4%
(January 20, 2009–October 8, 2010) James L. Jones
4%
(January 20, 1961–February 28, 1966) McGeorge Bundy
4%
(April 1, 1966–January 20, 1969) Walt W. Rostow
4%
(January 4, 1982–October 17, 1983) William P. Clark
4%
(April 2, 1955–September 1, 1956) Dillon Anderson
0%
(January 21, 1981–January 4, 1982) Richard V. Allen
0%
(October 17, 1983–December 4, 1985) Robert C. McFarlane
0%
(January 7, 1957–June 24, 1958) Robert Cutler
0%
(March 23, 1953–April 2, 1955) Robert Cutler
0%
(March 14, 1997–January 20, 2001) Samuel R. Berger
0%
(January 20, 1993–March 14, 1997) W. Anthony Lake
0%
No matching quizzes found
Score Distribution
Percent of People with Each Score
Percentile by Number Answered
Your Score History
You have not taken this quiz